|
|
|
|
| LEADER |
00000naa2a2200000 4500 |
| 001 |
384951 |
| 005 |
20231101063319.0 |
| 035 |
|
|
|a (RuTPU)RU\TPU\prd\12241
|
| 090 |
|
|
|a 384951
|
| 100 |
|
|
|a 20030331a2003 k y0rusy50 ca
|
| 101 |
0 |
|
|a rus
|
| 102 |
|
|
|a RU
|
| 200 |
1 |
|
|a Народные традиции продлевают жизнь
|
| 300 |
|
|
|a Публикация на основе: Мягков С. Здоровье и продолжительность жизни населения Земли. Вестник МГУ. Серия 5. География. 2002. №1.
|
| 461 |
|
1 |
|0 (RuTPU)RU\TPU\prd\458
|x 0233-3619
|t Энергия: экономика, техника, экология
|o научно-популярный и общественно-политический журнал
|f Российская академия наук (РАН)
|d 1984-
|
| 463 |
|
1 |
|0 (RuTPU)RU\TPU\prd\11854
|t № 2
|v С. 56-60
|d 2003
|
| 610 |
1 |
|
|a народ
|
| 610 |
1 |
|
|a традиции
|
| 610 |
1 |
|
|a природные условия
|
| 610 |
1 |
|
|a продолжительность жизни
|
| 801 |
|
1 |
|a RU
|b 63413507
|c 20030331
|g PSBO
|
| 801 |
|
2 |
|a RU
|b 63413507
|c 20120515
|g RCR
|
| 942 |
|
|
|c BK
|